| 000 | 00588nam a2200157Ia 4500 | ||
|---|---|---|---|
| 008 | 210327s9999||||xx |||||||||||||| ||und|| | ||
| 040 | _cSTCPL | ||
| 041 | _hMAL | ||
| 082 |
_a894.812 2 _bNAR-A |
||
| 245 | 0 |
_aAbiksheka natakam _hഅഭിഷേകനാടകം |
|
| 250 | _a9th ed. | ||
| 260 |
_aThiruvananthapuram _bKamalalaya Book Depot _c1967 |
||
| 300 | _a92 | ||
| 650 | _aGeneralINTRODUCTION,GASES, THE CRYSTALLINE STATE, MOLECULAR STRUCTURE, AND PHYSICAL PROPERTIES, THERMO CHEMISTRY, CHEMICAL KINETICS , IONIC EQUILIBRIA, COLLOIDS, QUANTUM THEORY, PHOTO CHEMISTRY | ||
| 942 | _cBK | ||
| 999 |
_c17107 _d17107 |
||